Statistics for Shared Surnames #1

Click here to take the quiz!

General Stats

  • This quiz has been taken 32 times
  • The average score is 9 of 15

Answer Stats

Person 1Person 2Surname% Correct
Scottish economist known as "The Father of Economics"Actor and rapper who starred in the film Men in BlackSmith
93%
Singer often referred to as the "Godfather of Soul"Author of The Da Vinci CodeBrown
89%
Actress who starred in the film CleopatraLead vocalist of the band SlipknotTaylor
86%
Lord Protector of England between 1653 and 1658Actor who starred in films such as Babe and The Green MileCromwell
82%
Second president of the United StatesAuthor of The Hitchhiker's Guide to the GalaxyAdams
79%
Author of Frankenstein; or, The Modern PrometheusBass guitarist and vocalist of the band BudgieShelley
75%
Australian bushranger famous for wearing armourActor who starred in the film Singin' in the RainKelly
68%
Italian explorer of the Silk RoadSpanish painter of the Baroque periodPolo
61%
US general who received the nickname "Old Blood and Guts"The lead vocalist of the band Faith No MorePatton
43%
Architect who designed FallingwaterDirector of the film Shaun of the DeadWright
39%
Norse explorer, the first European to set foot on mainland North AmericaGuitarist of the band GarbageErikson
36%
Lead vocalist of the band MeshuggahActress who starred in the film Cold MountainKidman
36%
English philosopher credited with developing the scientific methodBritish painter, who often featured imagery such as the crucifixion and screaming mouths in his worksBacon
29%
Artist and experimental filmmaker, seen as a pioneer of assemblageLead vocalist and rhythm guitarist of the band SoundgardenCornell
29%
Co-founder of animation studio Studio GhibliPresident of the video game company FromSoftwareMiyazaki
7%

Score Distribution

Percentile by Number Answered

Percent of People with Each Score

Your Score History

You have not taken this quiz